| 000 | 00562cam a2200193 4500 | ||
|---|---|---|---|
| 001 | D7953 | ||
| 008 | 090401t1981 xxu||||| |||| 00| 0 eng d | ||
| 035 | _a(Sirsi) u94464 | ||
| 041 | _aeng | ||
| 050 | _a658.202 | ||
| 100 | _aPowell, D.R. | ||
| 245 | _aPreparation of `as fitted` drawings and manuals of engineering services as an aid to maintenance management | ||
| 260 |
_aAscot, Berks _bChartered Institute of Building _c1981 |
||
| 300 | _a4p. 30cm | ||
| 350 | _a0 | ||
| 490 |
_aMaintenance Information Service _v19 |
||
| 942 | _n0 | ||
| 948 | _c04/03/1997 | ||
| 999 |
_c98048 _d98048 |
||